LIBRARY & INFORMATION CENTRE, KCAET, TAVANUR

ONLINE PUBLIC ACCESS CATALOGUE (OPAC)

/Engineering hydrology (Record no. 9527)

MARC details
000 -LEADER
fixed length control field 00406cam a2200169ua 4500
003 - CONTROL NUMBER IDENTIFIER
control field OSt
008 - FIXED-LENGTH DATA ELEMENTS--GENERAL INFORMATION
fixed length control field 180831b ||||| |||| 00| 0 eng d
020 ## - INTERNATIONAL STANDARD BOOK NUMBER
ISBN 0-333-53180-9
082 ## - DEWEY DECIMAL CLASSIFICATION NUMBER
Classification number 551.48
Item number WIL/EN
100 ## - MAIN ENTRY--AUTHOR NAME
Personal name Wilson, E M .
245 ## - TITLE STATEMENT
Title /Engineering hydrology
250 ## - EDITION STATEMENT
Edition statement 4
260 ## - PUBLICATION, DISTRIBUTION, ETC. (IMPRINT)
Place of publication Hampshire :
Name of publisher McMillan Education Ltd ,
Year of publication 1990.
300 ## - PHYSICAL DESCRIPTION
Number of Pages 348 ; .
500 ## - GENERAL NOTE
General note *CSS
942 ## - ADDED ENTRY ELEMENTS (KOHA)
Koha item type Books
Holdings
Withdrawn status Lost status Damaged status Home library Current library Shelving location Date acquired Full call number Accession Number Koha item type
      KAUAET KAUAET Scheme 31/08/2018 551.48 WIL/EN 18191 Books
      KAUAET KAUAET Scheme 31/08/2018 551.48 WIL/EN 18193 Books
      KAUAET KAUAET Scheme 31/08/2018 551.48 WIL/EN 18858 Books
    Damaged KAUAET KAUAET Scheme 31/08/2018 551.48 WIL/EN 18859 Books
      KAUAET KAUAET Scheme 31/08/2018 551.48 WIL/EN 18192 Books
      KAUAET KAUAET Scheme 31/08/2018 551.48 WIL/EN 18857 Books
free website counter